[Event "Wch-Senior 50+"]
[Site "Porto Santo POR"]
[Date "2024.11.20"]
[Round "4.7"]
[White "Kaidanov, Gregory S"]
[Black "Cummings, David"]
[Result "1-0"]
[WhiteElo "2534"]
[BlackElo "2269"]
[PlyCount "155"]
[GameId "2129405228043449"]
[EventDate "2024.11.17"]
[EventType "swiss"]
[EventRounds "11"]
[EventCountry "POR"]
[SourceTitle "10Days CBH #1-#780"]
[Source "ChessMix "]
[SourceDate "2024.12.20"]
[SourceVersion "1"]
[SourceVersionDate "2024.12.20"]
[SourceQuality "1"]

1. d4 Nf6 2. c4 e6 3. Nc3 Bb4 4. e3 O-O 5. a3 Bxc3+ 6. bxc3 d5 7. cxd5 exd5 8. Bd3 c5 9. Ne2 Nc6 10. O-O Re8 11. f3 b6 12. Ng3 a5 13. Bb5 Re6 14. e4 cxd4 15. cxd4 Ba6 16. Bxa6 Rxa6 17. e5 Ne8 18. f4 f6 19. Be3 b5 20. Rc1 Ne7 21. Ra1 Nc6 22. Rc1 Ne7 23. Ra1 Nc6 24. Rc1 Ne7 25. Ra1 Nc6 26. Rc1 Ne7 27. Ra1 Nc6 28. Rc1 Ne7 29. f5 Rec6 30. Nh5 Rxc1 31. Bxc1 Nc6 32. Be3 Ne7 33. Bc1 Qc8 34. Be3 Qd8 35. Bc1 Qc8 36. Be3 Qd8 37. Bc1 Qc8 38. Be3 Qd8 39. Bc1 Qc8 40. Be3 Qd8 41. Bc1 Qc8 42. Qf3 Qd8 43. Qd1 Qc8 44. Qf3 Qd8 45. Qd1 Qc8 46. Qf3 b4 47. h3 Rb6 48. Qg4 b3 49. exf6 Rxf6 50. Nxf6+ Nxf6 51. Qe2 Ne8 52. Qg4 Nf6 53. Qe2 Ne8 54. Qg4 Nf6 55. Qe2 Nc6 56. Bb2 Ne7 57. Bc1 Nc6 58. Bb2 Ne4 59. Bc1 Nf6 60. Bb2 Ne4 61. Qb5 Ne7 62. Qe2 Nc6 63. Qb5 Ne7 64. Qe2 Nc6 65. Qb5 Ne7 66. Rc1 Qd8 67. Qxb3 Nxf5 68. Qb7 Ne7 69. Qb3 Nf5 70. Qb7 Ne7 71. Qc7 Qe8 72. Qb7 Qd8 73. Qc7 Qe8 74. Qe5 Qd8 75. Qc7 Qe8 76. Qe5 Qd8 77. Qc7 Qe8 78. Qe5 1-0

[Event "Wch-Senior 50+"]
[Site "Porto Santo POR"]
[Date "2024.11.22"]
[Round "6.14"]
[White "Naimanov, Rinat"]
[Black "Cummings, David"]
[Result "0-1"]
[WhiteElo "1749"]
[BlackElo "2269"]
[PlyCount "142"]
[GameId "2129405228043486"]
[EventDate "2024.11.17"]
[EventType "swiss"]
[EventRounds "11"]
[EventCountry "POR"]
[SourceTitle "10Days CBH #1-#780"]
[Source "ChessMix "]
[SourceDate "2024.12.20"]
[SourceVersion "1"]
[SourceVersionDate "2024.12.20"]
[SourceQuality "1"]

1. e4 c6 2. d4 d5 3. exd5 cxd5 4. c4 Nf6 5. Nc3 Nc6 6. Bg5 dxc4 7. Bxc4 h6 8. Bxf6 exf6 9. Nge2 Bd6 10. O-O O-O 11. Qd2 f5 12. Rad1 Bd7 13. Bd5 Rc8 14. g3 Na5 15. b3 Bc6 16. Bg2 Bxg2 17. Kxg2 Nc6 18. d5 Ne5 19. Nb5 Bb8 20. d6 Qb6 21. Ned4 Bxd6 22. Nxd6 Qxd6 23. Nxf5 Qf6 24. Qf4 Qc6+ 25. Kh3 Ng6 26. Qg4 Rcd8 27. Qxg6 Qxg6 28. Ne7+ Kh7 29. Nxg6 Kxg6 30. Rfe1 Kf6 31. Kg2 h5 32. h4 g6 33. Kf3 Rg8 34. Rc1 Rd7 35. Rc2 Rgd8 36. Rec1 Rd3+ 37. Kg2 R8d7 38. Rc7 Rd2 39. R1c2 Rxc2 40. Rxc2 Ke6 41. Kf3 Ke5 42. Ke3 b6 43. Re2 Kf5 44. f3 Re7+ 45. Kf2 Rxe2+ 46. Kxe2 g5 47. hxg5 Kxg5 48. f4+ Kg4 49. Kf2 f5 50. b4 b5 51. Kg2 h4 52. gxh4 Kxh4 53. Kf3 Kh3 54. Ke3 Kg3 55. Kd4 Kxf4 56. Kc5 Ke4 57. Kxb5 f4 58. Ka6 f3 59. Kxa7 f2 60. b5 f1=Q 61. b6 Qf7+ 62. b7 Qxa2+ 63. Kb6 Qb3+ 64. Kc7 Qc4+ 65. Kb6 Qb4+ 66. Kc7 Qc5+ 67. Kd7 Qb6 68. Kc8 Qc6+ 69. Kb8 Kd5 70. Ka7 Qc7 71. Ka8 Qa5+ 0-1

[Event "Wch-Senior 50+"]
[Site "Porto Santo POR"]
[Date "2024.11.24"]
[Round "7.8"]
[White "Cummings, David"]
[Black "Vinter Schou, Uffe"]
[Result "1/2-1/2"]
[WhiteElo "2269"]
[BlackElo "2317"]
[PlyCount "81"]
[GameId "2129405228043495"]
[EventDate "2024.11.17"]
[EventType "swiss"]
[EventRounds "11"]
[EventCountry "POR"]
[SourceTitle "10Days CBH #1-#780"]
[Source "ChessMix "]
[SourceDate "2024.12.20"]
[SourceVersion "1"]
[SourceVersionDate "2024.12.20"]
[SourceQuality "1"]

1. Nf3 Nf6 2. c4 b6 3. g3 Bb7 4. Bg2 g6 5. b3 Bg7 6. Bb2 O-O 7. O-O e6 8. Nc3 d5 9. cxd5 Nxd5 10. d4 Nd7 11. Nxd5 exd5 12. Rc1 Re8 13. Re1 Rc8 14. Qc2 Qe7 15. e3 h5 16. Bc3 a5 17. Qb2 Ba6 18. Nd2 Nf6 19. e4 dxe4 20. d5 Bd3 21. Nxe4 Bxe4 22. f3 Qc5+ 23. Bd4 Qf8 24. fxe4 Ng4 25. e5 Qe7 26. e6 Bxd4+ 27. Qxd4 f6 28. h3 Ne5 29. Rc3 Qd6 30. Qf4 Kg7 31. Rf1 Rf8 32. Rfc1 Rfe8 33. Kh1 Re7 34. Rf1 Rf8 35. Rf2 Ree8 36. Kh2 Re7 37. Rfc2 Rc8 38. Kh1 Rd8 39. Kh2 Rc8 40. Rd2 Rd8 41. Rf2 1/2-1/2

[Event "Wch-Senior 50+"]
[Site "Porto Santo POR"]
[Date "2024.11.25"]
[Round "8.23"]
[White "Piskov, Yury"]
[Black "Cummings, David"]
[Result "1/2-1/2"]
[WhiteElo "2442"]
[BlackElo "2269"]
[PlyCount "27"]
[GameId "2129405228043510"]
[EventDate "2024.11.17"]
[EventType "swiss"]
[EventRounds "11"]
[EventCountry "POR"]
[SourceTitle "10Days CBH #1-#780"]
[Source "ChessMix "]
[SourceDate "2024.12.20"]
[SourceVersion "1"]
[SourceVersionDate "2024.12.20"]
[SourceQuality "1"]

1. e4 e5 2. Nf3 Nf6 3. Nxe5 d6 4. Nf3 Nxe4 5. d3 Nf6 6. Be2 Be7 7. O-O O-O 8. h3 h6 9. Re1 Re8 10. a3 d5 11. d4 Bd6 12. Nc3 c6 13. Bd3 Nbd7 14. Bd2 1/2-1/2

[Event "Wch-Senior 50+"]
[Site "Porto Santo POR"]
[Date "2024.11.26"]
[Round "9.24"]
[White "Cummings, David"]
[Black "Glek, Igor Vladimirovich"]
[Result "0-1"]
[WhiteElo "2269"]
[BlackElo "2417"]
[PlyCount "102"]
[GameId "2129405228051718"]
[EventDate "2024.11.17"]
[EventType "swiss"]
[EventRounds "11"]
[EventCountry "POR"]
[SourceTitle "10Days CBH #1-#780"]
[Source "ChessMix "]
[SourceDate "2024.12.20"]
[SourceVersion "1"]
[SourceVersionDate "2024.12.20"]
[SourceQuality "1"]

1. c4 e5 2. Nc3 Bb4 3. Nd5 a5 4. Nf3 Nc6 5. a3 Be7 6. d4 d6 7. e3 f5 8. dxe5 dxe5 9. Bd2 e4 10. Bc3 Nf6 11. Ng5 O-O 12. h4 Ng4 13. Nf4 Qxd1+ 14. Rxd1 Rd8 15. Rxd8+ Bxd8 16. c5 Nge5 17. Bb5 h6 18. Nge6 Bxe6 19. Nxe6 g6 20. Ke2 Kf7 21. Nf4 Be7 22. h5 g5 23. Ng6 Bf6 24. Rd1 Nxg6 25. hxg6+ Kxg6 26. Rd7 Bxc3 27. bxc3 Rc8 28. Bxc6 bxc6 29. Re7 h5 30. Re6+ Kg7 31. Rxc6 h4 32. f3 a4 33. fxe4 fxe4 34. Re6 Rb8 35. Rxe4 Rb3 36. Rxa4 Rxc3 37. Kf3 Rxc5 38. Ra6 Rc4 39. Re6 g4+ 40. Ke2 c5 41. Rc6 Rc2+ 42. Kf1 g3 43. Rc7+ Kg6 44. Rc8 Kf5 45. Rh8 Ke4 46. Re8+ Kd3 47. Rd8+ Kxe3 48. Re8+ Kd3 49. Rd8+ Kc3 50. Rh8 Rf2+ 51. Kg1 Rf4 0-1

[Event "Wch-Senior 50+"]
[Site "Porto Santo POR"]
[Date "2024.11.27"]
[Round "10.30"]
[White "Dimitrijeski, Boris"]
[Black "Cummings, David"]
[Result "1-0"]
[WhiteElo "2152"]
[BlackElo "2269"]
[PlyCount "67"]
[GameId "2129405228051739"]
[EventDate "2024.11.17"]
[EventType "swiss"]
[EventRounds "11"]
[EventCountry "POR"]
[SourceTitle "10Days CBH #1-#780"]
[Source "ChessMix "]
[SourceDate "2024.12.20"]
[SourceVersion "1"]
[SourceVersionDate "2024.12.20"]
[SourceQuality "1"]

1. d4 Nf6 2. c4 e6 3. Nc3 Bb4 4. e3 O-O 5. Bd3 d5 6. a3 Bxc3+ 7. bxc3 dxc4 8. Bxc4 c5 9. Ne2 Qc7 10. Bd3 b6 11. O-O Bb7 12. Ng3 Nc6 13. f4 Rfd8 14. Qe2 Rac8 15. Bb2 Na5 16. e4 Ne8 17. e5 cxd4 18. cxd4 g6 19. f5 Nc4 20. Rac1 b5 21. fxg6 fxg6 22. Nh5 Qe7 23. Nf6+ Kg7 24. Bc3 Nxa3 25. Qg4 Rxc3 26. Rxc3 Qb4 27. Nxe8+ Rxe8 28. Rc7+ Re7 29. Rxe7+ Qxe7 30. Rf6 Qb4 31. h3 Kh8 32. Qf4 Bd5 33. Bxg6 hxg6 34. Qh6+ 1-0

[Event "London Aaronson Open"]
[Site "London"]
[Date "1978.??.??"]
[Round "2"]
[White "Cummings, David"]
[Black "Goichberg, William"]
[Result "1-0"]
[WhiteElo "2230"]
[BlackElo "2525"]
[PlyCount "69"]
[GameId "1114898053120000"]
[EventDate "1978.03.23"]
[EventType "swiss"]
[EventRounds "10"]
[EventCountry "ENG"]
[SourceTitle "MCD"]
[Source "ChessBase"]
[SourceVersion "1"]
[SourceQuality "1"]

1. c4 e6 2. g3 d5 3. Nf3 Nf6 4. b3 c5 5. Bb2 Nc6 6. Bg2 Be7 7. O-O O-O 8. e3 b6 9. Nc3 Bb7 10. cxd5 exd5 11. d4 Ne4 12. dxc5 Nxc3 13. Bxc3 bxc5 14. Qd2 Qd6 15. Qb2 Rfd8 16. Rad1 Bf8 17. Qb1 g6 18. Qb2 Rd7 19. Rd2 Rad8 20. Rfd1 Qc7 21. h4 h6 22. Ne5 Nxe5 23. Bxe5 Qc6 24. Bf6 Be7 25. Bxe7 Rxe7 26. Bxd5 Qc8 27. Qf6 Bxd5 28. Qxe7 Re8 29. Qf6 Qe6 30. Qxe6 fxe6 31. Rc1 Rc8 32. Rdc2 c4 33. e4 Bxe4 34. Rxc4 Rxc4 35. Rxc4 1-0

[Event "London Aaronson Open"]
[Site "London"]
[Date "1978.??.??"]
[Round "6"]
[White "Cummings, David"]
[Black "Kristiansen, Tor"]
[Result "1-0"]
[WhiteElo "2230"]
[BlackElo "2320"]
[PlyCount "63"]
[GameId "1114898053357568"]
[EventDate "1978.03.23"]
[EventType "swiss"]
[EventRounds "10"]
[EventCountry "ENG"]
[SourceTitle "MCD"]
[Source "ChessBase"]
[SourceVersion "1"]
[SourceQuality "1"]

1. Nf3 Nf6 2. c4 g6 3. Nc3 Bg7 4. g3 O-O 5. Bg2 d6 6. O-O Nc6 7. d4 e5 8. d5 Ne7 9. e4 Bg4 10. Be3 Nd7 11. Qd2 Bxf3 12. Bxf3 f5 13. Bg2 Nb6 14. Qd3 h6 15. exf5 Nxf5 16. b4 Nd7 17. Ne4 Qe7 18. c5 Nxe3 19. Qxe3 Nf6 20. Rac1 a5 21. cxd6 cxd6 22. b5 a4 23. Nxf6+ Rxf6 24. Qb6 Qd8 25. Qxb7 Rb8 26. Qa6 a3 27. Rc3 Ra8 28. Qc6 Rf8 29. Be4 g5 30. Rfc1 g4 31. b6 Qf6 32. R1c2 1-0

[Event "London Aaronson Open"]
[Site "London"]
[Date "1978.??.??"]
[Round "9"]
[White "Baczynskyj, Boris"]
[Black "Cummings, David"]
[Result "1-0"]
[WhiteElo "2370"]
[BlackElo "2230"]
[PlyCount "61"]
[GameId "1114898053525504"]
[EventDate "1978.03.23"]
[EventType "swiss"]
[EventRounds "10"]
[EventCountry "ENG"]
[SourceTitle "MCD"]
[Source "ChessBase"]
[SourceVersion "1"]
[SourceQuality "1"]

1. e4 e6 2. d3 d5 3. Nd2 Nf6 4. Ngf3 Nc6 5. e5 Nd7 6. d4 f6 7. Bb5 Be7 8. O-O O-O 9. Re1 f5 10. c4 Nb4 11. c5 c6 12. Bf1 a5 13. a3 Na6 14. b4 Nc7 15. bxa5 Rxa5 16. Nb3 Ra8 17. Bd2 b6 18. cxb6 Na6 19. Qc2 Qxb6 20. Reb1 Qa7 21. Na5 Ndb8 22. Nxc6 Nxc6 23. Qxc6 Bd7 24. Qxa6 Qxa6 25. Bxa6 Rxa6 26. Rb7 Rd8 27. Rc1 Kf8 28. Bb4 Ra4 29. h4 g6 30. Ng5 h6 31. Nxe6+ 1-0

[Event "British CF-66 Championship"]
[Site "Chester/ Cheshire"]
[Date "1979.08.07"]
[Round "2"]
[White "Haygarth, Michael J"]
[Black "Cummings, David"]
[Result "1-0"]
[WhiteElo "2355"]
[BlackElo "2265"]
[PlyCount "79"]
[GameId "1114898149949440"]
[EventDate "1979.08.06"]
[EventType "swiss"]
[EventRounds "11"]
[EventCountry "GBR"]
[SourceTitle "MCD"]
[Source "ChessBase"]
[SourceVersion "1"]
[SourceQuality "1"]

1. d4 Nf6 2. c4 g6 3. Nc3 d5 4. e3 Bg7 5. Qb3 e6 6. Nf3 O-O 7. Be2 b6 8. O-O Bb7 9. Rd1 Nbd7 10. cxd5 exd5 11. Bd2 Re8 12. a4 c5 13. dxc5 Nxc5 14. Qa2 Qe7 15. Rac1 Rac8 16. Be1 a6 17. Qa3 Bf8 18. a5 b5 19. Na2 Nfe4 20. Bb4 Qf6 21. Nc3 Red8 22. Rf1 Bd6 23. Rcd1 g5 24. g3 Bf8 25. Qa2 h6 26. Qa3 Ne6 27. Nd4 Bxb4 28. Qxb4 Nxd4 29. Rxd4 Nxc3 30. bxc3 Qc6 31. Rc1 Qc5 32. Qb1 Qa3 33. h4 Rxc3 34. Rxc3 Qxc3 35. hxg5 hxg5 36. Qf5 Rd6 37. Bh5 Qa1+ 38. Kg2 Qxa5 39. Qxf7+ Kh8 40. Qf8+ 1-0

[Event "British CF-66 Championship"]
[Site "Chester/ Cheshire"]
[Date "1979.08.10"]
[Round "5"]
[White "Cummings, David"]
[Black "Povah, Nigel Edward"]
[Result "0-1"]
[WhiteElo "2265"]
[BlackElo "2325"]
[PlyCount "82"]
[GameId "1114898150227968"]
[EventDate "1979.08.06"]
[EventType "swiss"]
[EventRounds "11"]
[EventCountry "GBR"]
[SourceTitle "MCD"]
[Source "ChessBase"]
[SourceVersion "1"]
[SourceQuality "1"]

1. c4 e5 2. Nc3 Nf6 3. Nf3 Nc6 4. e3 Bb4 5. Qc2 O-O 6. Nd5 Re8 7. Qf5 d6 8. Nxf6+ gxf6 9. Qh5 d5 10. a3 Bf8 11. d4 e4 12. Nd2 Ne7 13. Be2 c6 14. f4 Nf5 15. Nb1 Ng7 16. Qh4 c5 17. Nc3 Nf5 18. Qh5 cxd4 19. Nxd5 Be6 20. exd4 Ng7 21. Qh4 Bxd5 22. cxd5 Qxd5 23. O-O Qxd4+ 24. Kh1 Rad8 25. Rb1 f5 26. b4 Rd6 27. Rb3 Be7 28. Qh3 Bf6 29. Be3 Qd5 30. Bc5 Rdd8 31. Bxa7 Qd2 32. Qe3 Qa2 33. Bb5 Re6 34. Rbb1 Red6 35. Bb6 Bd4 36. Bxd4 Rxd4 37. Ra1 Qd5 38. Be2 Rd2 39. g4 fxg4 40. Bxg4 Rd3 41. Qe2 h5 0-1

[Event "British CF-66 Championship"]
[Site "Chester/ Cheshire"]
[Date "1979.08.11"]
[Round "6"]
[White "Knott, Simon JB"]
[Black "Cummings, David"]
[Result "1/2-1/2"]
[WhiteElo "2210"]
[BlackElo "2265"]
[PlyCount "59"]
[GameId "1114898150354944"]
[EventDate "1979.08.06"]
[EventType "swiss"]
[EventRounds "11"]
[EventCountry "GBR"]
[SourceTitle "MCD"]
[Source "ChessBase"]
[SourceVersion "1"]
[SourceQuality "1"]

1. c4 Nf6 2. Nc3 d5 3. cxd5 Nxd5 4. g3 g6 5. Bg2 Nxc3 6. bxc3 Bg7 7. Rb1 Nd7 8. Nf3 O-O 9. O-O c5 10. Qa4 e5 11. d3 Qc7 12. Qh4 Rb8 13. Bh6 f6 14. Nd2 Nb6 15. Ne4 Bxh6 16. Qxh6 f5 17. Ng5 Rd8 18. Rb5 Qg7 19. Qxg7+ Kxg7 20. Rxc5 h6 21. Nf3 Nd7 22. Rc7 Kf6 23. c4 Ke6 24. c5 Nf8 25. Rc1 Kf6 26. h4 Ne6 27. Rh7 Nf8 28. Rc7 Ne6 29. Rh7 Nf8 30. Rc7 1/2-1/2

[Event "British CF-66 Championship"]
[Site "Chester/ Cheshire"]
[Date "1979.08.14"]
[Round "8"]
[White "Strauss, David J"]
[Black "Cummings, David"]
[Result "1/2-1/2"]
[WhiteElo "2345"]
[BlackElo "2265"]
[PlyCount "55"]
[GameId "1114898150576128"]
[EventDate "1979.08.06"]
[EventType "swiss"]
[EventRounds "11"]
[EventCountry "GBR"]
[SourceTitle "MCD"]
[Source "ChessBase"]
[SourceVersion "1"]
[SourceQuality "1"]

1. d4 Nf6 2. c4 g6 3. Nc3 d5 4. Nf3 Bg7 5. Bg5 Ne4 6. cxd5 Nxg5 7. Nxg5 e6 8. Nf3 exd5 9. b4 c6 10. e3 O-O 11. Be2 Qd6 12. Qb3 Be6 13. O-O Nd7 14. a4 Rfc8 15. Rfc1 Bf8 16. b5 c5 17. Qd1 cxd4 18. Nxd4 Ne5 19. a5 Qd7 20. Qb3 Rc5 21. Na4 Rxc1+ 22. Rxc1 Rc8 23. Rd1 Nc4 24. a6 bxa6 25. bxa6 Bd6 26. Qb5 Qc7 27. Nxe6 fxe6 28. Bg4 1/2-1/2

[Event "British CF-66 Championship"]
[Site "Chester/ Cheshire"]
[Date "1979.08.17"]
[Round "11"]
[White "Cummings, David"]
[Black "Littlewood, Paul E"]
[Result "0-1"]
[WhiteElo "2265"]
[BlackElo "2405"]
[PlyCount "90"]
[GameId "1114898150789120"]
[EventDate "1979.08.06"]
[EventType "swiss"]
[EventRounds "11"]
[EventCountry "GBR"]
[SourceTitle "MCD"]
[Source "ChessBase"]
[SourceVersion "1"]
[SourceQuality "1"]

1. Nf3 d5 2. g3 Bg4 3. Bg2 Nd7 4. c4 c6 5. cxd5 cxd5 6. Qa4 Ngf6 7. Ne5 Qc7 8. Nd3 e6 9. Nc3 Be7 10. h3 Bf5 11. O-O Bxd3 12. exd3 O-O 13. d4 a6 14. d3 b5 15. Qb3 Qb6 16. Be3 Ne8 17. Rfc1 Bf6 18. Ne2 Nd6 19. Rc2 Rac8 20. Rac1 Qb7 21. Bf4 Be7 22. Bxd6 Bxd6 23. f4 Nb6 24. Rxc8 Rxc8 25. Rxc8+ Nxc8 26. h4 Ne7 27. Bh3 h5 28. Kf2 Qb6 29. Ke3 g6 30. Qc2 Nc6 31. Bg2 Nxd4 32. Nxd4 Bc5 33. Kf3 Bxd4 34. Bh3 Kg7 35. Qe2 Qc5 36. b3 Qc1 37. Bf1 Qa1 38. g4 hxg4+ 39. Kxg4 Qc1 40. Kf3 Bf6 41. Kg3 a5 42. Bg2 a4 43. bxa4 bxa4 44. Bh3 Qg1+ 45. Bg2 Bxh4+ 0-1

[Event "Brighton"]
[Site "Brighton"]
[Date "1979.??.??"]
[Round "?"]
[White "Chandler, Murray G"]
[Black "Cummings, David"]
[Result "1-0"]
[WhiteElo "2380"]
[BlackElo "2265"]
[PlyCount "63"]
[GameId "1114898170068992"]
[EventDate "1979.12.??"]
[EventType "tourn"]
[EventRounds "9"]
[EventCountry "ENG"]
[EventCategory "3"]
[SourceTitle "MCL"]
[Source "ChessBase"]
[SourceDate "1999.07.01"]
[SourceVersion "1"]
[SourceVersionDate "1999.07.01"]
[SourceQuality "1"]

1. d4 Nf6 2. c4 e6 3. Nf3 b6 4. Bf4 Bb7 5. e3 Bb4+ 6. Nfd2 O-O 7. a3 Be7 8. Nc3 d5 9. Rc1 c5 10. dxc5 bxc5 11. cxd5 exd5 12. Na4 d4 13. Nxc5 Bxc5 14. Rxc5 Nd5 15. Qb3 dxe3 16. Qxb7 Nxf4 17. fxe3 Nd7 18. Rf5 Ne6 19. Bc4 Ndc5 20. Qf3 Rc8 21. Rd5 Qb6 22. b4 Na4 23. O-O Nb2 24. Ba2 Rc3 25. Re5 Rc6 26. Ne4 Nc4 27. Rxe6 Rxe6 28. Bxc4 Re7 29. Kh1 Qc6 30. Bd5 Qg6 31. Ng3 Rd7 32. e4 1-0

[Event "Brighton"]
[Site "Brighton"]
[Date "1979.??.??"]
[Round "?"]
[White "Cummings, David"]
[Black "Fedorowicz, John P"]
[Result "1/2-1/2"]
[WhiteElo "2265"]
[BlackElo "2405"]
[PlyCount "90"]
[GameId "1114898170085376"]
[EventDate "1979.12.??"]
[EventType "tourn"]
[EventRounds "9"]
[EventCountry "ENG"]
[EventCategory "3"]
[SourceTitle "MCL"]
[Source "ChessBase"]
[SourceDate "1999.07.01"]
[SourceVersion "1"]
[SourceVersionDate "1999.07.01"]
[SourceQuality "1"]

1. c4 Nf6 2. Nf3 e6 3. g3 c5 4. Bg2 Nc6 5. O-O a6 6. Nc3 Be7 7. d4 cxd4 8. Nxd4 O-O 9. b3 Qc7 10. Bb2 d6 11. Rc1 Ne5 12. e4 Bd7 13. h3 Rac8 14. Kh2 Qb8 15. Qe2 Ng6 16. f4 Rfe8 17. Nf3 Bc6 18. Nd4 Bd7 19. Nf3 e5 20. fxe5 dxe5 21. a4 Qa7 22. Nd5 Nxd5 23. cxd5 Bf6 24. Rxc8 Rxc8 25. Rc1 Rxc1 26. Bxc1 Qc5 27. Qe3 Qc7 28. Ba3 Be7 29. Qc1 Qxc1 30. Bxc1 f6 31. Be3 Nh8 32. Nd2 b5 33. Bf1 Nf7 34. axb5 axb5 35. Bd3 Bb4 36. Kg2 Kf8 37. Nf3 Ke7 38. g4 Kd6 39. Nh4 g6 40. Nf3 Nd8 41. Bh6 Ke7 42. g5 Nf7 43. Bg7 Nxg5 44. Nxg5 fxg5 45. Bxe5 Bd2 1/2-1/2

[Event "Brighton"]
[Site "Brighton"]
[Date "1979.??.??"]
[Round "?"]
[White "Goodman, David SC"]
[Black "Cummings, David"]
[Result "1/2-1/2"]
[WhiteElo "2340"]
[BlackElo "2265"]
[PlyCount "57"]
[GameId "1114898170146816"]
[EventDate "1979.12.??"]
[EventType "tourn"]
[EventRounds "9"]
[EventCountry "ENG"]
[EventCategory "3"]
[SourceTitle "MCL"]
[Source "ChessBase"]
[SourceDate "1999.07.01"]
[SourceVersion "1"]
[SourceVersionDate "1999.07.01"]
[SourceQuality "1"]

1. d4 Nf6 2. c4 e6 3. Nf3 b6 4. a3 c5 5. e3 d5 6. cxd5 exd5 7. Ne5 Bd6 8. Bb5+ Nbd7 9. Nc3 O-O 10. Bc6 Rb8 11. Nf3 Bb7 12. dxc5 Nxc5 13. Bxb7 Rxb7 14. O-O Nce4 15. Nb5 Bb8 16. b3 Qd7 17. Nbd4 Rc8 18. Bb2 Bd6 19. Qd3 Rc5 20. a4 Ng4 21. Nb5 Rb8 22. h3 Ngf6 23. Rac1 a6 24. Nbd4 Rxc1 25. Rxc1 Nc5 26. Qc2 Rb7 27. Qe2 h6 28. Ne5 Qc8 29. Nec6 1/2-1/2

[Event "Jelenia Gora U26 4th"]
[Site "Jelenia Gora"]
[Date "1980.??.??"]
[Round "2"]
[White "Cummings, David"]
[Black "Hawelko, Marek"]
[Result "1/2-1/2"]
[WhiteElo "2265"]
[BlackElo "2225"]
[PlyCount "110"]
[GameId "1114898211377152"]
[EventDate "1980.06.16"]
[EventType "tourn"]
[EventRounds "13"]
[EventCountry "POL"]
[SourceTitle "EXT 2003"]
[Source "ChessBase"]
[SourceDate "2002.11.25"]
[SourceVersion "1"]
[SourceVersionDate "2002.11.25"]
[SourceQuality "1"]

1. c4 e5 2. Nc3 Nf6 3. Nf3 d6 4. d4 Nbd7 5. e4 g6 6. Be2 Bg7 7. O-O O-O 8. Re1 c6 9. Bf1 a5 10. Rb1 Re8 11. d5 Qc7 12. Nd2 Nc5 13. b3 Bg4 14. f3 Bd7 15. Kh1 Reb8 16. a3 cxd5 17. cxd5 b5 18. b4 Na6 19. Na2 a4 20. Bd3 Nh5 21. Nf1 Nf4 22. Be3 Nxd3 23. Qxd3 f5 24. Rbc1 Qd8 25. exf5 gxf5 26. f4 Rc8 27. Ng3 e4 28. Qd2 Qf6 29. Nh5 Qb2 30. Nxg7 Qxd2 31. Bxd2 Kxg7 32. Kg1 Be8 33. g4 Rxc1 34. Rxc1 fxg4 35. Nc3 Rc8 36. Nxe4 Rxc1+ 37. Bxc1 Nc7 38. Nxd6 Bd7 39. Bb2+ Kf8 40. f5 Nxd5 41. f6 Ne3 42. Bd4 Nf5 43. Nxf5 Bxf5 44. Kf2 Kf7 45. Kg3 Ke6 46. Kf4 Bg6 47. Kxg4 Kd5 48. Bc5 h6 49. h4 Ke6 50. Bd4 Kd5 51. Bc5 Ke6 52. Bd4 Kd5 53. Bb2 Ke6 54. Kf4 Kd5 55. Kg4 Ke6 1/2-1/2

[Event "Jelenia Gora U26 4th"]
[Site "Jelenia Gora"]
[Date "1980.??.??"]
[Round "6"]
[White "Cummings, David"]
[Black "Watson, William N"]
[Result "1/2-1/2"]
[WhiteElo "2265"]
[BlackElo "2300"]
[PlyCount "24"]
[GameId "1114898211491840"]
[EventDate "1980.06.16"]
[EventType "tourn"]
[EventRounds "13"]
[EventCountry "POL"]
[SourceTitle "EXT 2003"]
[Source "ChessBase"]
[SourceDate "2002.11.25"]
[SourceVersion "1"]
[SourceVersionDate "2002.11.25"]
[SourceQuality "1"]

1. c4 g6 2. Nc3 Bg7 3. g3 c5 4. Bg2 Nc6 5. Nf3 e6 6. O-O Nge7 7. e3 O-O 8. d4 cxd4 9. Nxd4 d5 10. cxd5 Nxd5 11. Nxd5 Nxd4 12. exd4 exd5 1/2-1/2

[Event "Jelenia Gora U26 4th"]
[Site "Jelenia Gora"]
[Date "1980.??.??"]
[Round "10"]
[White "Cummings, David"]
[Black "Dzieniszewski, Andrzej"]
[Result "1-0"]
[WhiteElo "2265"]
[BlackElo "2205"]
[PlyCount "53"]
[GameId "1114898211606528"]
[EventDate "1980.06.16"]
[EventType "tourn"]
[EventRounds "13"]
[EventCountry "POL"]
[SourceTitle "EXT 2003"]
[Source "ChessBase"]
[SourceDate "2002.11.25"]
[SourceVersion "1"]
[SourceVersionDate "2002.11.25"]
[SourceQuality "1"]

1. c4 c6 2. e4 e5 3. Nf3 f5 4. Nxe5 Qf6 5. d4 d6 6. Nd3 Qxd4 7. exf5 Qxc4 8. Qh5+ Qf7 9. Qxf7+ Kxf7 10. g4 h5 11. f3 Nd7 12. Nc3 Ngf6 13. g5 Ne8 14. Bf4 Nb6 15. Bh3 Kg8 16. g6 Be7 17. O-O-O Bd7 18. Rhe1 Kf8 19. Ne4 Nd5 20. Bg5 Bf6 21. Re2 a5 22. Rde1 a4 23. Bxf6 gxf6 24. Nc3 Nxc3 25. bxc3 Rg8 26. Nf4 Ra5 27. Re7 1-0

[Event "Jelenia Gora U26 4th"]
[Site "Jelenia Gora"]
[Date "1980.??.??"]
[Round "12"]
[White "Cummings, David"]
[Black "Swic, Waldemar"]
[Result "1/2-1/2"]
[WhiteElo "2265"]
[BlackElo "2370"]
[PlyCount "53"]
[GameId "1114898211663872"]
[EventDate "1980.06.16"]
[EventType "tourn"]
[EventRounds "13"]
[EventCountry "POL"]
[SourceTitle "EXT 2003"]
[Source "ChessBase"]
[SourceDate "2002.11.25"]
[SourceVersion "1"]
[SourceVersionDate "2002.11.25"]
[SourceQuality "1"]

1. c4 c5 2. Nf3 Nf6 3. g3 g6 4. Bg2 Bg7 5. O-O O-O 6. d4 cxd4 7. Nxd4 Nc6 8. Nc3 Nxd4 9. Qxd4 d6 10. Qd3 Bf5 11. e4 Be6 12. b3 a6 13. Be3 b5 14. cxb5 axb5 15. Nxb5 Ng4 16. Bd4 Ne5 17. Qd1 Qa5 18. a4 Rfc8 19. f4 Bg4 20. Qb1 Nf3+ 21. Bxf3 Qxb5 22. Bxg7 Qb6+ 23. Kh1 Bxf3+ 24. Rxf3 Kxg7 25. Qe1 Rc2 26. Rc3 Rb2 27. Qe3 1/2-1/2

[Event "Jelenia Gora U26 4th"]
[Site "Jelenia Gora"]
[Date "1980.??.??"]
[Round "13"]
[White "Berg, Klaus"]
[Black "Cummings, David"]
[Result "1/2-1/2"]
[WhiteElo "2295"]
[BlackElo "2265"]
[PlyCount "30"]
[GameId "1114898211692544"]
[EventDate "1980.06.16"]
[EventType "tourn"]
[EventRounds "13"]
[EventCountry "POL"]
[SourceTitle "EXT 2003"]
[Source "ChessBase"]
[SourceDate "2002.11.25"]
[SourceVersion "1"]
[SourceVersionDate "2002.11.25"]
[SourceQuality "1"]

1. d4 Nf6 2. Nf3 b6 3. c4 e6 4. e3 Bb7 5. Bd3 d5 6. O-O Bd6 7. b3 O-O 8. Bb2 Nbd7 9. Nc3 a6 10. Qe2 c5 11. cxd5 exd5 12. Rac1 Re8 13. Rfd1 b5 14. dxc5 Nxc5 15. Bf5 b4 1/2-1/2